00441nam a2200133Ia 4500008004100000041000800041082001600049100001700065245004900082260002700131365000700158999001900165952012300184230303s9999 xx 000 0 und d aeng a621.384 STA aStamp (Mark) aInformation Security Principles and Practice aNew DelhibWiley India cRS c182070d182070 00104070aECDbECDcSHELF NO - 38 Cd2023-03-03g259.00l0o621.384 STApEB8594r2023-03-03 00:00:00w2023-03-03yBK